[Event "World Junior U20 Open 2018"]
[Site "Gebze"]
[Date "2018.09.07"]
[Round "3.50"]
[White "Akin, Kadir"]
[Black "Arcuti, Davide"]
[Result "1/2-1/2"]
[WhiteElo "1974"]
[BlackElo "2356"]
[Annotator "NA"]
[PlyCount "89"]
[EventDate "2018.09.05"]
[EventType "swiss"]
[EventCountry "TUR"]
[SourceTitle "playchess.com"]
[Source "ChessBase"]
[SourceQuality "1"]
[TimeControl "40/5400+30:1800+30"]

1. e4 {[%emt 0:00:30]} e5 {[%emt 0:00:30]} 2. Nf3 {[%emt 0:00:30]} Nc6 {[%emt 0:00:30]} 3. d4 {[%emt 0:00:00]} exd4 {[%emt 0:00:30]} 4. Bc4 {[%emt 0:00:00]} Nf6 {[%emt 0:01:30]} 5. O-O {[%emt 0:00:30]} Nxe4 {[%emt 0:03:30]} 6. Re1 {[%emt 0:00:30]} d5 {[%emt 0:00:30]} 7. Bxd5 {[%emt 0:00:30]} Qxd5 {[%emt 0:00:30]} 8. Nc3 {[%emt 0:00:00]} Qd7 {[%emt 0:00:00] C56: Two Knights: 4 d4 exd4 5 0-0 Nxe4} (8... Qh5 9. Nxe4 Be6 10. Bg5 Bd6 11. Nxd6+ cxd6 12. Bf4 Qd5 13. c3 O-O 14. Nxd4 Nxd4 15. Qxd4 Qxd4 16. cxd4 d5 17. Rac1 Rfc8 18. Rxc8+ Rxc8 19. Rc1 Rxc1+ 20. Bxc1 f6 21. Bf4 a6 22. a3 Bd7 23. Bd2 Bc6 24. Bc3 Bd7 25. Bd2 Bc6 26. Bc3 Bd7 27. Bd2 {½-½ (27) Wei,Y (2743)-Wen,Y (2605) Shenzhen 2017}) 9. Rxe4+ {[%emt 0:02:00]} Be7 {[%emt 0:00:00]} 10. Nb5 {[%emt 0:04:30]} O-O {[%emt 0:03:30]} 11. Bf4 {[%emt 0:13:30]} Bd8 {[%emt 0:00:30]} 12. Nbxd4 {[%emt 0:04:30]} Bf6 {[%emt 0:20:30]} 13. c3 {[%emt 0:06:30]} Nxd4 {[%emt 0:05:30]} 14. Nxd4 {[%emt 0:01:30]} c5 $146 {[%emt 0:02:30]} ({Predecessor:} 14... b6 15. Nf3 Qf5 16. Qd3 {0-1 (29) Petersson,B (2074)-Ruecker,B (2275) Stockholm 2017}) 15. Nf3 {[%emt 0:02:30]} Qxd1+ {[%emt 0:12:30]} 16. Rxd1 {[%emt 0:00:30]} Be6 {[%emt 0:00:30]} 17. a3 {[%emt 0:02:30]} Rfd8 {[%emt 0:03:30]} 18. Ree1 {[%emt 0:03:30]} h6 {[%emt 0:02:30]} 19. Ne5 {[%emt 0:01:30]} Rxd1 {[%emt 0:06:30]} 20. Rxd1 {[%emt 0:00:00]} Re8 {[%emt 0:00:00]} 21. Nf3 {[%emt 0:04:00]} b5 {[%emt 0:08:00]} 22. Be3 {[%emt 0:00:30]} Rc8 $11 {[%emt 0:01:30]} 23. Rd6 {[%emt 0:02:30]} a5 {[%emt 0:06:30]} 24. Rb6 {[%emt 0:02:30]} b4 {[%emt 0:03:37]} 25. axb4 {[%emt 0:00:30]} axb4 {[%emt 0:00:03]} 26. Rb5 {[%emt 0:04:30]} Be7 {[%emt 0:02:13]} 27. h3 {[%emt 0:01:30]} b3 {[%emt 0:01:35]} 28. Nd2 {[%emt 0:01:30]} c4 {[%emt 0:01:12]} 29. Ra5 {[%emt 0:00:30]} Kf8 {[%emt 0:07:59]} 30. Kf1 {[%emt 0:00:30]} Ke8 {[%emt 0:00:57]} 31. Ke2 {[%emt 0:00:00]} Kd7 {[%emt 0:02:00]} 32. Bd4 {[%emt 0:00:00]} g6 {[%emt 0:01:06]} 33. Ne4 {[%emt 0:00:30]} Bf5 {[%emt 0:01:24]} 34. Ke3 {[%emt 0:02:30]} Bg5+ {[%emt 0:02:10]} 35. Nxg5 {[%emt 0:00:30]} hxg5 {[%emt 0:00:02]} 36. Ra7+ {[%emt 0:01:30]} Ke8 {[%emt 0:00:47]} 37. Bf6 {[%emt 0:00:30]} g4 {[%emt 0:00:44]} 38. h4 {[%emt 0:00:00]} Rc6 {[%emt 0:00:51]} 39. Bd4 {[%emt 0:02:00]} Re6+ {[%emt 0:00:50]} 40. Kd2 {[%emt 0:00:00]} Be4 {[%emt 0:00:00]} 41. g3 {[%emt 0:00:00]} Bd3 {[%emt 0:05:30]} 42. Be3 {[%emt 0:00:30]} Rd6 {[%emt 0:00:30]} 43. Bd4 {[%emt 0:00:30]} Re6 {[%emt 0:00:30]} 44. Be3 {[%emt 0:00:00]} Rd6 {[%emt 0:00:30]} 45. Bd4 {[%emt 0:00:00]} 1/2-1/2

[Event "World Junior U20 Open 2018"]
[Site "Gebze"]
[Date "2018.09.07"]
[Round "3.51"]
[White "Sawlin, Leonid"]
[Black "Tarlabasi, Emirhan"]
[Result "0-1"]
[WhiteElo "2355"]
[BlackElo "2193"]
[Annotator "NA"]
[PlyCount "112"]
[EventDate "2018.09.05"]
[EventType "swiss"]
[EventCountry "TUR"]
[SourceTitle "playchess.com"]
[Source "ChessBase"]
[SourceQuality "1"]
[TimeControl "40/5400+30:1800+30"]

1. e4 {[%emt 0:00:30]} e6 {[%emt 0:00:30]} 2. d4 {[%emt 0:00:30]} d5 {[%emt 0:00:30]} 3. Nc3 {[%emt 0:00:00]} Bb4 {[%emt 0:00:30]} 4. e5 {[%emt 0:00:00]} c5 {[%emt 0:00:00]} 5. Bd2 {[%emt 0:01:30]} Ne7 {[%emt 0:07:00]} 6. Nb5 {[%emt 0:00:30]} Bxd2+ {[%emt 0:01:30]} 7. Qxd2 {[%emt 0:00:30]} O-O {[%emt 0:00:30]} 8. c3 {[%emt 0:03:30]} b6 {[%emt 0:00:30]} 9. Nf3 {[%emt 0:00:30] C17: French: 3 Nc3 Bb4 4 e5 c5 sidelines} Ba6 {[%emt 0:05:30]} 10. Be2 {[%emt 0:06:30]} (10. a4 Nbc6 11. b4 Nf5 12. Bd3 Nh4 13. Nxh4 Qxh4 14. O-O cxd4 {0-1 (26) Stocek,J (2546)-Vallejo Pons,F (2711) Tallinn 2016}) 10... Qd7 {[%emt 0:03:30]} 11. a4 {[%emt 0:02:30]} Nbc6 {[%emt 0:01:30]} 12. b4 {[%emt 0:02:30]} cxb4 {[%emt 0:05:30]} 13. cxb4 {[%emt 0:00:00]} Bb7 $146 {[%emt 0:03:30]} ({Predecessor:} 13... f6 14. O-O fxe5 15. Nxe5 Nxe5 16. dxe5 Bxb5 17. Bxb5 {0-1 (32) Sidorov,A (2370)-Poliakov,A (2268) St Petersburg 2001}) 14. a5 {[%emt 0:16:00]} bxa5 $1 {[%emt 0:05:30]} 15. bxa5 {[%emt 0:00:30]} Ba6 {[%emt 0:00:30]} 16. O-O {[%emt 0:00:30]} Rab8 {[%emt 0:03:30]} 17. Rfb1 {[%emt 0:08:30]} Rb7 {[%emt 0:05:30]} 18. Nc3 {[%emt 0:03:30]} Bxe2 {[%emt 0:05:30]} 19. Rxb7 {[%emt 0:07:30]} Qxb7 {[%emt 0:01:30]} 20. Qxe2 {[%emt 0:02:30]} Qb4 {[%emt 0:05:30]} 21. Qd3 {[%emt 0:05:30]} Nxa5 {[%emt 0:04:30]} 22. Ng5 {[%emt 0:05:30]} Ng6 $17 {[%emt 0:05:30]} 23. h4 {[%emt 0:01:30]} Qc4 {[%emt 0:06:30]} 24. Qxc4 {[%emt 0:08:30]} Nxc4 {[%emt 0:00:30]} 25. Rxa7 {[%emt 0:03:49]} Nxh4 {[%emt 0:00:30]} 26. g3 {[%emt 0:00:21]} Nf5 {[%emt 0:02:30]} 27. Nf3 {[%emt 0:00:20]} h5 {[%emt 0:08:55]} 28. Ne2 {[%emt 0:00:33]} g6 {[%emt 0:03:13]} 29. Ng5 {[%emt 0:00:44]} Nd2 {[%emt 0:01:29]} 30. Rb7 {[%emt 0:00:37]} Ne4 {[%emt 0:02:02]} 31. Nxe4 {[%emt 0:02:07]} dxe4 {[%emt 0:00:53]} 32. Rd7 {[%emt 0:05:03]} Rc8 {[%emt 0:01:35]} 33. d5 {[%emt 0:00:49]} exd5 {[%emt 0:00:34]} 34. Rxd5 {[%emt 0:01:33]} e3 {[%emt 0:01:42]} 35. fxe3 {[%emt 0:04:57]} Nxe3 {[%emt 0:00:39]} 36. Rd3 {[%emt 0:00:44]} Ng4 {[%emt 0:01:05]} 37. e6 {[%emt 0:02:24]} fxe6 {[%emt 0:00:31]} 38. Rd7 {[%emt 0:00:05]} e5 {[%emt 0:00:14]} 39. Kg2 {[%emt 0:00:23]} Rc2 {[%emt 0:01:22]} 40. Kf1 {[%emt 0:00:00]} g5 {[%emt 0:00:00]} 41. Ng1 {[%emt 0:07:01]} e4 {[%emt 0:20:25]} 42. Rd4 {[%emt 0:07:30]} Nh2+ {[%emt 0:09:29]} 43. Ke1 {[%emt 0:00:30]} Rc1+ {[%emt 0:00:45]} 44. Kf2 {[%emt 0:00:30]} e3+ {[%emt 0:00:28]} 45. Kxe3 {[%emt 0:01:30]} Rxg1 {[%emt 0:00:34]} 46. Kf2 {[%emt 0:00:30]} Ra1 {[%emt 0:00:52]} 47. Rd5 {[%emt 0:00:30]} Ra2+ {[%emt 0:00:00]} 48. Ke3 {[%emt 0:00:30]} Ra3+ {[%emt 0:00:13]} 49. Kf2 {[%emt 0:00:30]} Ng4+ {[%emt 0:00:21]} 50. Ke2 {[%emt 0:00:00]} Kh7 {[%emt 0:00:26]} 51. Rxg5 {[%emt 0:02:00]} Kh6 {[%emt 0:00:30]} 52. Rg8 {[%emt 0:00:00]} Rxg3 {[%emt 0:00:12]} 53. Rh8+ {[%emt 0:00:00]} Kg5 {[%emt 0:00:30]} 54. Rg8+ {[%emt 0:00:30]} Kh4 {[%emt 0:00:00]} 55. Rh8 {[%emt 0:00:30]} Re3+ {[%emt 0:00:00]} 56. Kf1 {[%emt 0:00:00]} Kg3 {[%emt 0:00:10]} 0-1

[Event "World Junior U20 Open 2018"]
[Site "Gebze"]
[Date "2018.09.07"]
[Round "3.52"]
[White "Galperin, Platon"]
[Black "Gulden, Egemen"]
[Result "1-0"]
[WhiteElo "2348"]
[BlackElo "2068"]
[Annotator "NA"]
[PlyCount "63"]
[EventDate "2018.09.05"]
[EventType "swiss"]
[EventCountry "TUR"]
[SourceTitle "playchess.com"]
[Source "ChessBase"]
[SourceQuality "1"]
[TimeControl "40/5400+30:1800+30"]

1. d4 {[%emt 0:00:30]} Nf6 {[%emt 0:00:30]} 2. c4 {[%emt 0:00:30]} e6 {[%emt 0:00:00]} 3. Nf3 {[%emt 0:00:00]} b6 {[%emt 0:00:00]} 4. g3 {[%emt 0:00:00]} Ba6 {[%emt 0:00:30]} 5. b3 {[%emt 0:01:30]} Bb4+ {[%emt 0:00:30]} 6. Bd2 {[%emt 0:00:00]} Be7 {[%emt 0:00:30]} 7. Bg2 {[%emt 0:00:00]} c6 {[%emt 0:00:30]} 8. Bc3 {[%emt 0:00:30]} d5 {[%emt 0:00:30]} 9. Ne5 {[%emt 0:05:30]} Ne4 {[%emt 0:04:30] E15: Queen's Indian: 4 g3 sidelines, 4 g3 Ba6 and 4 g3 Bb7 early deviations} (9... Nfd7 10. Nd3 dxc4 11. Nb4 cxb3 12. Nxa6 Nxa6 13. O-O Nb4 14. Qxb3 Nd5 15. Bb2 O-O 16. e4 N5f6 17. Nd2 {0-1 (47) Korobov,A (2695)-Zhigalko,S (2639) Dubai 2017}) 10. Bxe4 {[%emt 0:02:30]} dxe4 {[%emt 0:00:00]} 11. Nd2 {[%emt 0:05:30]} f6 {[%emt 0:01:00]} 12. Ng4 {[%emt 0:01:30]} Bb7 $146 {[%emt 0:01:30]} ({Predecessor:} 12... Nd7 13. Ne3 Bb7 14. Nxe4 O-O 15. f3 f5 16. Nf2 Qc7 17. Qc2 {1-0 (52) Kelecevic,N (2359)-Vezzosi,P (2298) Switzerland 2008}) 13. c5 {[%emt 0:16:30]} f5 {[%emt 0:22:30]} 14. Ne3 {[%emt 0:04:30]} bxc5 {[%emt 0:00:30]} 15. dxc5 {[%emt 0:00:30]} Bxc5 {[%emt 0:00:30]} 16. Bxg7 {[%emt 0:01:30]} Rg8 {[%emt 0:00:00]} 17. Bc3 {[%emt 0:02:30]} Bxe3 {[%emt 0:00:00]} 18. fxe3 {[%emt 0:00:30]} Ba6 {[%emt 0:00:30]} 19. Qc2 {[%emt 0:07:30]} Nd7 {[%emt 0:02:30]} 20. Bb2 {[%emt 0:02:30]} Qc7 {[%emt 0:03:30]} 21. Nc4 {[%emt 0:00:30]} Bxc4 {[%emt 0:00:30]} 22. Qxc4 {[%emt 0:01:30]} Rg6 {[%emt 0:00:00]} 23. O-O-O {[%emt 0:04:30]} h5 {[%emt 0:07:00]} 24. Rd2 {[%emt 0:02:30]} Nb6 {[%emt 0:02:30]} 25. Qc3 {[%emt 0:09:30]} Rh6 {[%emt 0:02:30] [#]} 26. Rhd1 $1 {[%emt 0:00:00]} Nd5 {[%emt 0:03:30] [#]} 27. Rxd5 $1 {[%emt 0:00:00]} exd5 $18 {[%emt 0:00:30]} (27... Rd8 $2 {[%emt 0:00:30]}) 28. Rxd5 $18 {[%emt 0:00:30]} Rd8 {[%emt 0:00:30]} (28... Rh7 29. Re5+ (29. Rxf5 O-O-O $16) 29... Kd7) 29. Re5+ {[%emt 0:00:30]} Kd7 {[%emt 0:00:30]} 30. Re7+ {[%emt 0:00:30]} Kxe7 {[%emt 0:00:30]} 31. Qg7+ {[%emt 0:00:30]} Kd6 {[%emt 0:00:30]} 32. Be5+ {[%emt 0:00:30]} 1-0

[Event "World Junior U20 Open 2018"]
[Site "Gebze"]
[Date "2018.09.07"]
[Round "3.53"]
[White "Ozen, Bahadir"]
[Black "Aydincelebi, Kagan"]
[Result "1-0"]
[WhiteElo "2326"]
[BlackElo "2060"]
[Annotator "NA"]
[PlyCount "159"]
[EventDate "2018.09.05"]
[EventType "swiss"]
[EventCountry "TUR"]
[SourceTitle "playchess.com"]
[Source "ChessBase"]
[SourceQuality "1"]
[TimeControl "40/5400+30:1800+30"]

1. g3 {[%emt 0:00:30]} c5 {[%emt 0:00:30]} 2. Bg2 {[%emt 0:01:30]} g6 {[%emt 0:00:00]} 3. c3 {[%emt 0:03:30]} Bg7 {[%emt 0:00:00]} 4. d4 {[%emt 0:00:30]} Qc7 {[%emt 0:04:30]} 5. d5 {[%emt 0:06:30]} d6 {[%emt 0:00:00]} 6. e4 {[%emt 0:00:30]} Nf6 {[%emt 0:00:00]} 7. Ne2 {[%emt 0:00:30]} O-O {[%emt 0:00:30]} 8. O-O {[%emt 0:01:30]} Nbd7 {[%emt 0:17:30]} 9. c4 {[%emt 0:03:30]} a6 {[%emt 0:01:30]} 10. a4 {[%emt 0:03:30]} Rb8 {[%emt 0:03:30]} 11. Nbc3 {[%emt 0:02:30]} e6 {[%emt 0:02:30]} 12. dxe6 {[%emt 0:04:30]} fxe6 {[%emt 0:00:00]} 13. f4 {[%emt 0:01:30]} Nb6 {[%emt 0:08:00]} 14. b3 {[%emt 0:02:30]} Bd7 {[%emt 0:00:30]} 15. h3 {[%emt 0:04:30]} Bc6 {[%emt 0:00:30]} 16. Be3 {[%emt 0:00:30]} Rfd8 {[%emt 0:06:30]} 17. Qc2 {[%emt 0:08:30]} Nbd7 {[%emt 0:09:30]} 18. g4 {[%emt 0:03:30]} Kh8 {[%emt 0:08:30]} 19. Rad1 {[%emt 0:00:30]} Nf8 $16 {[%emt 0:02:30]} 20. Ng3 {[%emt 0:02:30]} h6 {[%emt 0:03:30]} 21. Rd3 {[%emt 0:02:30]} e5 {[%emt 0:00:00]} 22. f5 {[%emt 0:00:30]} g5 {[%emt 0:04:00]} 23. Rfd1 {[%emt 0:00:30]} N8h7 {[%emt 0:04:30]} 24. Qd2 {[%emt 0:00:30]} Qa5 {[%emt 0:02:30]} 25. Na2 {[%emt 0:04:30]} Qxd2 {[%emt 0:00:30]} 26. R3xd2 {[%emt 0:00:30]} Rdc8 {[%emt 0:00:30]} 27. Rxd6 {[%emt 0:00:30]} Bf8 {[%emt 0:00:30]} 28. Re6 {[%emt 0:00:30]} Rd8 {[%emt 0:00:30]} 29. Re1 {[%emt 0:00:30]} Bd7 {[%emt 0:00:30]} 30. Rb6 {[%emt 0:00:30]} Bc6 {[%emt 0:00:30]} 31. Nc1 {[%emt 0:00:30]} Nd7 {[%emt 0:00:30]} 32. Rxc6 {[%emt 0:00:30]} bxc6 {[%emt 0:00:30]} 33. a5 {[%emt 0:00:30]} Ndf6 {[%emt 0:00:30]} 34. Bf3 {[%emt 0:00:30]} Rd7 {[%emt 0:00:30]} 35. Kf1 {[%emt 0:00:30]} Be7 {[%emt 0:00:30]} 36. Rd1 {[%emt 0:16:30]} Rbd8 {[%emt 0:06:01]} 37. Ke1 {[%emt 0:00:00]} Nf8 {[%emt 0:01:09]} 38. Bd2 {[%emt 0:00:00]} Rb8 {[%emt 0:00:54]} 39. Ke2 {[%emt 0:01:30]} Rbd8 {[%emt 0:00:15]} 40. Ke3 {[%emt 0:00:00]} Rd6 {[%emt 0:00:00]} 41. Be2 {[%emt 0:03:00]} Rb8 {[%emt 0:03:41]} 42. Bd3 {[%emt 0:00:30]} Rd7 {[%emt 0:01:30]} 43. Bc3 {[%emt 0:00:30]} Bd6 {[%emt 0:00:30]} 44. Bc2 {[%emt 0:00:00]} Bc7 {[%emt 0:00:30]} 45. Nd3 {[%emt 0:00:00]} Rbd8 {[%emt 0:01:30]} 46. Ra1 {[%emt 0:01:30]} Re7 {[%emt 0:02:30]} 47. Nxc5 {[%emt 0:00:30]} Ra8 {[%emt 0:00:30]} 48. b4 {[%emt 0:00:30]} Bd6 {[%emt 0:01:30]} 49. Nd3 {[%emt 0:00:30]} N8d7 {[%emt 0:01:30]} 50. c5 {[%emt 0:01:30]} Bc7 {[%emt 0:01:30]} 51. Ba4 {[%emt 0:00:00]} Nb8 {[%emt 0:00:00]} 52. Nb2 {[%emt 0:00:00]} Ra7 {[%emt 0:02:00]} 53. Nc4 {[%emt 0:00:00]} Kg7 {[%emt 0:00:00]} 54. Rd1 {[%emt 0:01:00]} Kf7 {[%emt 0:01:00]} 55. Kf3 {[%emt 0:00:30]} Kg7 {[%emt 0:00:30]} 56. Nh1 {[%emt 0:01:30]} Nfd7 {[%emt 0:02:30]} 57. Ng3 {[%emt 0:00:30]} Nf6 {[%emt 0:00:00]} 58. Rh1 {[%emt 0:03:30]} Rd7 {[%emt 0:00:00]} 59. Bc2 {[%emt 0:00:30]} Re7 {[%emt 0:00:00]} 60. h4 {[%emt 0:00:30]} gxh4 {[%emt 0:00:00]} 61. Rxh4 {[%emt 0:00:30]} Nh7 {[%emt 0:00:30]} 62. Ba4 {[%emt 0:00:30]} Ng5+ {[%emt 0:00:30]} 63. Ke3 {[%emt 0:00:00]} Nf7 {[%emt 0:00:30]} 64. Nh5+ {[%emt 0:00:00]} Kh7 {[%emt 0:00:00]} 65. Rh1 {[%emt 0:00:30]} Bd8 {[%emt 0:00:00]} 66. Rd1 {[%emt 0:02:30]} Re8 {[%emt 0:00:30]} 67. Ke2 {[%emt 0:01:30]} Bg5 {[%emt 0:00:30]} 68. Ng3 {[%emt 0:01:30]} Rc7 {[%emt 0:00:30]} 69. Nh1 {[%emt 0:00:30]} Nd7 {[%emt 0:00:30]} 70. Rxd7 {[%emt 0:00:00]} Rxd7 {[%emt 0:00:00]} 71. Bxc6 {[%emt 0:00:00]} Rde7 {[%emt 0:00:00]} 72. Bxe8 {[%emt 0:00:30]} Rxe8 {[%emt 0:00:00]} 73. Nf2 {[%emt 0:00:30]} Bf6 {[%emt 0:00:00]} 74. Nd3 {[%emt 0:00:00]} Ng5 {[%emt 0:00:30]} 75. Nd6 {[%emt 0:00:00]} Re7 {[%emt 0:00:00]} 76. Ke3 {[%emt 0:01:30]} Kg8 {[%emt 0:00:00]} 77. b5 {[%emt 0:01:30]} axb5 {[%emt 0:00:00]} 78. Nb4 {[%emt 0:00:30]} Rc7 {[%emt 0:00:00]} 79. c6 {[%emt 0:00:30]} Be7 {[%emt 0:00:30]} 80. Bxe5 {[%emt 0:00:00]} 1-0

[Event "World Junior U20 Open 2018"]
[Site "Gebze"]
[Date "2018.09.07"]
[Round "3.54"]
[White "Nurgaliyev, Sauat"]
[Black "Shailesh, Dravid"]
[Result "0-1"]
[WhiteElo "1685"]
[BlackElo "2325"]
[Annotator "NA"]
[PlyCount "64"]
[EventDate "2018.09.05"]
[EventType "swiss"]
[EventCountry "TUR"]
[SourceTitle "playchess.com"]
[Source "ChessBase"]
[SourceQuality "1"]
[TimeControl "40/5400+30:1800+30"]

1. Nf3 {[%emt 0:00:30]} Nf6 {[%emt 0:00:30]} 2. d4 {[%emt 0:00:00]} g6 {[%emt 0:00:00]} 3. g3 {[%emt 0:01:00]} Bg7 {[%emt 0:00:00]} 4. Bg2 {[%emt 0:00:00]} O-O {[%emt 0:00:00]} 5. O-O {[%emt 0:00:00]} d6 {[%emt 0:00:00]} 6. c4 {[%emt 0:00:30]} Nc6 {[%emt 0:00:30]} 7. Nc3 {[%emt 0:01:30]} Bf5 {[%emt 0:00:00]} 8. Nh4 {[%emt 0:01:30]} Bd7 {[%emt 0:01:00]} 9. e4 {[%emt 0:01:30]} e5 {[%emt 0:01:30]} 10. d5 {[%emt 0:07:30]} Nd4 {[%emt 0:02:30]} 11. f4 {[%emt 0:06:30]} Bg4 {[%emt 0:01:30]} 12. Qd3 {[%emt 0:01:30]} Nd7 {[%emt 0:04:30]} 13. Be3 {[%emt 0:12:30]} Nc5 {[%emt 0:00:30]} (13... c5 $11 {keeps the balance.}) 14. Qd2 {[%emt 0:02:30]} f5 {[%emt 0:03:30]} 15. h3 {[%emt 0:10:30]} Bh5 {[%emt 0:00:00]} 16. exf5 {[%emt 0:04:30]} gxf5 {[%emt 0:01:00]} 17. fxe5 {[%emt 0:06:30]} dxe5 {[%emt 0:00:30]} 18. Bxd4 $16 {[%emt 0:02:30]} exd4 {[%emt 0:00:30]} 19. Nb5 {[%emt 0:02:30]} f4 {[%emt 0:16:30]} 20. Rxf4 {[%emt 0:02:30]} Bh6 {[%emt 0:00:30]} 21. Rxf8+ {[%emt 0:00:30]} Qxf8 {[%emt 0:00:00]} 22. Qxd4 {[%emt 0:03:30]} Re8 {[%emt 0:00:00]} 23. Kh2 {[%emt 0:01:30]} Be3 {[%emt 0:02:30]} 24. Qc3 {[%emt 0:00:30]} Bf2 {[%emt 0:01:30]} 25. g4 {[%emt 0:16:38]} Qf4+ {[%emt 0:02:30]} 26. Kh1 {[%emt 0:00:10]} Re3 {[%emt 0:00:30]} 27. Qc2 {[%emt 0:01:26]} Ne4 {[%emt 0:00:30]} 28. Nf5 {[%emt 0:03:09]} Bxg4 {[%emt 0:00:30]} 29. hxg4 {[%emt 0:10:25]} Ng3+ {[%emt 0:00:30]} 30. Nxg3 {[%emt 0:00:09]} Qxg3 {[%emt 0:00:30]} 31. d6 {[%emt 0:01:28]} Qh4+ {[%emt 0:00:00]} 32. Bh3 {[%emt 0:00:08]} Qxh3# {[%emt 0:00:00]} 0-1

[Event "World Junior U20 Open 2018"]
[Site "Gebze"]
[Date "2018.09.07"]
[Round "3.56"]
[White "Huber, Martin Christian"]
[Black "Liyanage, Ranindu Dilshan"]
[Result "0-1"]
[WhiteElo "2390"]
[BlackElo "1989"]
[Annotator "NA"]
[PlyCount "84"]
[EventDate "2018.09.05"]
[EventType "swiss"]
[EventCountry "TUR"]
[SourceTitle "playchess.com"]
[Source "ChessBase"]
[SourceQuality "1"]
[TimeControl "40/5400+30:1800+30"]

1. d4 {[%emt 0:00:30]} d5 {[%emt 0:00:30]} 2. c4 {[%emt 0:00:00]} e6 {[%emt 0:00:00]} 3. Nc3 {[%emt 0:00:00]} a6 {[%emt 0:00:00]} 4. cxd5 {[%emt 0:01:30]} exd5 {[%emt 0:00:30]} 5. Bf4 {[%emt 0:00:00] D31: Queen's Gambit Declined: Semi-Slav without ...Nf6 (+ Marshall Gambit and Noteboom) and Exchange Variation lines without ...Nf6} Nf6 {[%emt 0:00:30]} 6. e3 {[%emt 0:01:00]} Bd6 {[%emt 0:00:30]} 7. Bg5 {[%emt 0:01:30]} c6 {[%emt 0:04:30]} 8. Bd3 {[%emt 0:00:30]} O-O {[%emt 0:00:30]} 9. Qc2 {[%emt 0:01:30]} h6 {[%emt 0:00:30]} 10. Bh4 {[%emt 0:00:30]} Re8 $146 {[%emt 0:01:30]} ({Predecessor:} 10... Be6 11. Nge2 Re8 12. O-O-O Nbd7 {1-0 (48) Salem,A (2656)-Vitiugov,N (2726) Doha 2016}) 11. Nf3 {[%emt 0:02:30]} Bg4 {[%emt 0:08:30]} 12. O-O-O {[%emt 0:08:30]} Nbd7 {[%emt 0:06:30]} 13. Kb1 {[%emt 0:00:30]} Qa5 {[%emt 0:03:30]} 14. h3 {[%emt 0:05:30]} Be6 {[%emt 0:05:30]} 15. Bxf6 {[%emt 0:09:30]} Nxf6 {[%emt 0:02:30]} 16. g4 {[%emt 0:00:30]} c5 {[%emt 0:13:30]} 17. dxc5 {[%emt 0:03:30]} Bxc5 {[%emt 0:00:30]} 18. g5 {[%emt 0:00:30]} hxg5 {[%emt 0:00:30]} 19. Nxg5 $11 {[%emt 0:00:30]} Bb4 {[%emt 0:03:30]} 20. Ne2 {[%emt 0:04:30]} Rac8 {[%emt 0:03:30]} 21. Qb3 {[%emt 0:00:00]} Bd7 {[%emt 0:01:30]} 22. a3 {[%emt 0:04:00]} Be7 {[%emt 0:05:30]} 23. Rc1 {[%emt 0:05:30]} Ba4 {[%emt 0:03:30]} 24. Qa2 {[%emt 0:04:30]} Qd2 {[%emt 0:07:30]} 25. Nf4 {[%emt 0:00:30]} Qxf2 {[%emt 0:03:30]} 26. Rcf1 {[%emt 0:20:30]} Bc2+ {[%emt 0:05:30]} 27. Ka1 {[%emt 0:00:30]} Qxe3 {[%emt 0:01:27]} 28. Rf3 {[%emt 0:16:16]} Qd2 {[%emt 0:02:56]} 29. Bxc2 {[%emt 0:00:50]} Rxc2 {[%emt 0:00:21]} 30. Qb3 {[%emt 0:00:33]} Rc1+ {[%emt 0:00:33]} 31. Rxc1 {[%emt 0:00:36]} Qxc1+ {[%emt 0:00:02]} 32. Ka2 {[%emt 0:00:00]} Qc4 {[%emt 0:00:16]} 33. h4 {[%emt 0:01:24]} Bd6 {[%emt 0:01:26]} 34. Ng2 {[%emt 0:00:16]} Re2 {[%emt 0:01:53]} 35. Ne3 {[%emt 0:00:42]} Qxb3+ {[%emt 0:00:44]} 36. Kxb3 {[%emt 0:00:05]} Ne4 {[%emt 0:00:00]} 37. Nxe4 {[%emt 0:04:05]} dxe4 {[%emt 0:00:26]} 38. Rh3 {[%emt 0:00:00]} Be5 {[%emt 0:02:15]} 39. Nc4 {[%emt 0:00:00]} Bd4 {[%emt 0:00:00]} 40. Nd6 {[%emt 0:00:00]} b5 {[%emt 0:00:00]} 41. Kb4 {[%emt 0:01:13]} Rxb2+ {[%emt 0:01:11]} 42. Ka5 {[%emt 0:00:00]} e3 {[%emt 0:00:30]} 0-1

[Event "World Junior U20 Open 2018"]
[Site "Gebze"]
[Date "2018.09.07"]
[Round "3.57"]
[White "Lee, Jun Hyeok"]
[Black "Repka, Christopher"]
[Result "1/2-1/2"]
[WhiteElo "2263"]
[BlackElo "2523"]
[Annotator "TA"]
[PlyCount "89"]
[EventDate "2018.09.05"]
[EventType "swiss"]
[EventCountry "TUR"]
[SourceTitle "playchess.com"]
[Source "ChessBase"]
[SourceQuality "1"]

{[%evp 13,89,3,4,0,0,-1,-16,-21,12,-2,-12,-15,0,0,0,-21,0,0,3,-18,0,0,12,-33,-22,-68,0,6,4,0,0,0,0,-41,-24,-24,-51,-33,-16,-35,0,0,0,0,0,-2,0,-41,-42,-40,-25,-58,-51,-122,-122,-122,-122,-122,-122,-129,-127,-143,-83,-88,-89,-99,-98,-203,-20,-166,-198,-183,-151,-125,-137,-140,0,-8]} 1. d4 Nf6 2. Bf4 g6 3. e3 Bg7 4. Nf3 O-O 5. h3 d6 6. c3 Nfd7 {A48: 1 d4 Nf6 2 Nf3 g6: Torre, London and Colle Systems} (6... c5 7. dxc5 dxc5 8. Qxd8 Rxd8 9. Bc7 Rd7 10. Bh2 Rd8 11. Nbd2 Nc6 12. Bc4 b6 13. O-O-O Bb7 14. Rhe1 Nd7 {0-1 (55) Kramnik,V (2800)-Grischuk,A (2767) Moscow 2018}) 7. Bc4 e5 {LiveBook: 4 Games} 8. Bg5 Qe8 9. O-O Nb6 $146 ({Predecessor:} 9... h6 10. Bh4 Kh8 11. e4 Nc6 12. Re1 Nb6 13. Bb3 Bd7 14. a4 {½-½ (79) Rakhmangulov,A (2395)-Bogdanovich,S (2503) Mukachevo 2011}) 10. Bb3 Be6 11. dxe5 dxe5 12. e4 N8d7 13. Nbd2 a5 {[%cal Ba7a5,Ba5a4][%mdl 32]} 14. Qe2 a4 15. Bxe6 Qxe6 16. Be3 Rfd8 17. b4 a3 18. c4 Na4 19. c5 Nc3 (19... Nb8 $15) 20. Qd3 $1 $11 {[%cal Rd3c3]} Na4 $1 21. Ng5 ({Don't take} 21. Qxa3 $6 h6 $16) 21... Qe7 {[%cal Rd7c5]} 22. Qb3 Nf6 23. Qxa3 Nxc5 24. Bxc5 Rxa3 25. Bxe7 Rxd2 26. Rfd1 Rad3 27. Rxd2 Rxd2 28. a4 h6 29. Nf3 Rb2 30. Bxf6 Bxf6 {[%mdl 4096] Endgame KRB-KRN} 31. b5 Rb4 32. Nd2 Be7 33. Rc1 (33. Ra2 $15) 33... Bg5 $17 (33... Rxa4 $6 34. Rxc7 Bg5 35. Nc4 $11) 34. Rc2 Rxa4 35. Nf3 Bd8 ({Of course not} 35... Rxe4 $6 36. Nxg5 hxg5 37. Rxc7 $11) 36. Rd2 Bf6 37. Rc2 Ra5 ({Black should play} 37... Rxe4 38. Rxc7 Rb4 39. Rxb7 Rb1+ 40. Kh2 e4) 38. Rxc7 Rxb5 39. Nd2 Rb2 40. Nc4 (40. Rd7 $17) 40... Rb1+ $19 41. Kh2 Rc1 {...Bg7 is the strong threat.} 42. Rc8+ Kg7 43. Nd6 Rxc8 44. Nxc8 b5 ({Black should try} 44... Bd8 $17 {Strongly threatening ...b5.} 45. Nd6 b6) 45. Nd6 {Precision: White = 49%, Black = 52%.} 1/2-1/2